[Event "Championnat de France - Open A"]
[Site "Chartres"]
[Date "2005.??.??"]
[Round "4.1"]
[White "Rabineau, Clement"]
[Black "Woehrel, Hermann"]
[Result "1-0"]
[WhiteElo "2179"]
[BlackElo "2106"]
[PlyCount "107"]
[EventDate "2005.??.??"]

1. e4 e6 2. d4 d5 3. Nc3 Bb4 4. e5 c5 5. a3 Bxc3+ 6. bxc3 Qa5 7. Bd2 Qa4 8. Qb1
c4 9. Nf3 Nc6 10. g3 b6 11. Bg2 Bd7 12. O-O h6 13. h4 Nge7 14. Nh2 O-O-O 15.
Ng4 Rdf8 16. Qc1 Ng8 17. h5 Nce7 18. Ne3 f5 19. exf6 Nxf6 20. Qd1 g6 21. hxg6
Nxg6 22. Bf3 h5 23. Ng2 e5 24. dxe5 Nxe5 25. Be2 Ne4 26. Be1 Qc6 27. Qd4 Qe6
28. Rd1 Bc6 29. f4 Ng4 30. f5 Qf6 31. Rf4 Nh6 32. Bxh5 Qg5 33. Bg6 Nxg3 34.
Bxg3 Qxg3 35. Qe3 Qxg2+ 36. Kxg2 d4+ 37. Qf3 Bxf3+ 38. Kxf3 dxc3 39. Rxc4+ Kb8
40. Rh4 Nf7 41. Rxh8 Nxh8 42. Kg4 Kc7 43. Rd3 b5 44. Rxc3+ Kd6 45. Kg5 a5 46.
Kh6 Ra8 47. Rb3 Rb8 48. Kg7 b4 49. c3 Nxg6 50. fxg6 Ke6 51. cxb4 Rb7+ 52. Kh8
Rb8+ 53. Kh7 Rb5 54. g7 1-0

[Event "Championnat de France - Open A"]
[Site "Chartres"]
[Date "2005.??.??"]
[Round "4.2"]
[White "Laurens, Julia"]
[Black "Laval, Brice"]
[Result "0-1"]
[WhiteElo "2034"]
[BlackElo "2178"]
[PlyCount "50"]
[EventDate "2005.??.??"]

1. d4 g6 2. c4 Bg7 3. Nc3 c5 4. d5 Bxc3+ 5. bxc3 f5 6. h4 Nf6 7. Qa4 Qb6 8. h5
Nxh5 9. Nh3 Qa6 10. Qc2 Qxc4 11. Bb2 Qxd5 12. c4 Qg8 13. e4 d6 14. Ng5 Nc6 15.
O-O-O Bd7 16. e5 dxe5 17. g4 {#} 17... Nf4 18. Bh3 O-O-O 19. gxf5 Nxh3 20. Rxh3
Bxf5 21. Rxd8+ Qxd8 22. Nf7 Bxc2 23. Nxd8 Bf5 24. Nxc6 Bxh3 25. Bxe5 Rf8 0-1

[Event "Championnat de France - Open A"]
[Site "Chartres"]
[Date "2005.??.??"]
[Round "4.3"]
[White "Le Ray, Olivier"]
[Black "Lagunes, Jean-Renaud"]
[Result "0-1"]
[WhiteElo "1952"]
[BlackElo "2131"]
[PlyCount "42"]
[EventDate "2005.??.??"]

1. e4 d5 2. exd5 Qxd5 3. Nc3 Qa5 4. d4 Nf6 5. Bc4 Bg4 6. f3 Bd7 7. Bd2 Qb6 8.
Nge2 e6 9. O-O Be7 10. Kh1 Bc6 11. Nf4 Qxd4 12. Qe2 Nbd7 13. Rfe1 O-O 14. Rad1
Bc5 15. Nxe6 fxe6 16. Qxe6+ Kh8 17. Bg5 Rae8 18. Rxd4 Rxe6 19. Rxe6 Bxd4 20.
Re7 Bxc3 21. bxc3 Re8 0-1

[Event "Championnat de France - Open A"]
[Site "Chartres"]
[Date "2005.??.??"]
[Round "4.4"]
[White "Ollier, Pablo"]
[Black "Chaillot, Alain"]
[Result "0-1"]
[WhiteElo "1910"]
[BlackElo "2109"]
[PlyCount "130"]
[EventDate "2005.??.??"]

1. d4 Nf6 2. c4 c5 3. d5 e5 4. Nc3 d6 5. e4 Be7 6. g3 O-O 7. Bg2 Nbd7 8. Nge2
a6 9. a4 Nb6 10. b3 Bd7 11. O-O Nc8 12. h3 Rb8 13. f4 b5 14. axb5 axb5 15. cxb5
Bxb5 16. Nxb5 Rxb5 17. fxe5 dxe5 18. Bb2 Nd7 19. Nc3 Rb6 20. Na4 Rg6 21. Qd3
Ncb6 22. Kh2 Qb8 23. Rfb1 Bd6 24. Nxb6 Nxb6 25. Bc3 f5 26. b4 c4 27. Qe2 f4 28.
g4 Qd8 29. Ra6 Bb8 30. b5 Qg5 31. Qf3 Re8 32. Rd1 Qd8 33. Ba5 Bc7 34. Bxb6 Rxb6
35. Rxb6 Bxb6 36. Bf1 Qc7 37. Rc1 Qc5 38. Bxc4 Rc8 39. d6+ Kf8 40. d7 Rd8 41.
Qf1 Rxd7 42. Bd5 Qe3 43. Rc8+ Ke7 44. Rg8 Kf6 45. Rf8+ Kg6 46. Re8 Ra7 47. Re6+
Kg5 48. Rxe5+ Kh6 49. g5+ Kh5 50. g6+ Kxg6 51. Rf5 Qg3+ 52. Kh1 h5 53. Be6 Bf2
54. b6 Bxb6 55. e5 Ra1 56. Rg5+ Kxg5 57. Qxa1 Qf3+ 58. Kh2 Qf2+ 59. Kh1 Bd4 60.
Qb1 Qf3+ 61. Kh2 Qe2+ 62. Kh1 Qxe5 63. Bf7 f3 64. h4+ Kxh4 65. Bxh5 Qxh5 0-1

[Event "Championnat de France - Open A"]
[Site "Chartres"]
[Date "2005.??.??"]
[Round "4.5"]
[White "Pietrasanta, Jeremy"]
[Black "Moussard, Jules"]
[Result "0-1"]
[WhiteElo "2178"]
[BlackElo "2054"]
[PlyCount "58"]
[EventDate "2005.??.??"]

1. e4 c5 2. Nf3 e6 3. d3 b5 4. a4 b4 5. Nbd2 Bb7 6. g3 Be7 7. Bg2 d6 8. O-O Nc6
9. Re1 g5 10. h3 h5 11. Nc4 g4 12. hxg4 hxg4 13. Nh2 Qd7 14. Nxg4 O-O-O 15. c3
f5 16. exf5 exf5 17. Nge3 Nf6 18. Qf3 d5 19. Nd2 Rh5 20. Nef1 Bd6 21. Nb3 Rdh8
22. a5 a6 23. Qe2 Nd8 24. cxb4 d4 25. f3 Qg7 26. Kf2 Rg8 27. f4 Ng4+ 28. Kg1
Rgh8 29. Bxb7+ Qxb7 {#} 0-1

[Event "Championnat de France - Open A"]
[Site "Chartres"]
[Date "2005.??.??"]
[Round "4.6"]
[White "Entem, Alan"]
[Black "Polard, Gaetan"]
[Result "1-0"]
[WhiteElo "2127"]
[BlackElo "2165"]
[PlyCount "113"]
[EventDate "2005.??.??"]

1. e4 c5 2. Nf3 d6 3. d4 cxd4 4. Nxd4 Nf6 5. Nc3 a6 6. Be3 e6 7. f3 b5 8. Qd2
Nbd7 9. g4 Nb6 10. Qf2 Nfd7 11. O-O-O Bb7 12. Bd3 Rc8 13. Nce2 Nc5 14. Kb1 Nba4
15. b3 Nxd3 16. cxd3 Nc5 17. Bc1 b4 18. Bb2 a5 19. Nc2 Ba6 20. Nc1 Qb6 21. Qd2
Rb8 22. d4 Nd7 23. Rhe1 Be7 24. g5 O-O 25. f4 Rfc8 26. h4 Rb7 27. f5 Qd8 28.
Ne3 Nb6 29. Rg1 Bf8 30. f6 d5 31. e5 Rbc7 32. fxg7 Bxg7 33. Ng4 Nc4 34. Nf6+
Kf8 35. Nxh7+ Ke8 36. bxc4 dxc4 37. Nf6+ Bxf6 38. gxf6 Qd5 39. Qg2 Qxg2 40.
Rxg2 c3 41. Rdg1 cxb2 42. Kxb2 a4 43. Rg8+ Kd7 44. Rxc8 Rxc8 45. Rg7 a3+ 46.
Kb1 Rf8 47. h5 Bb7 48. Kc2 Be4+ 49. Kb3 Rb8 50. h6 Bd5+ 51. Kc2 Rc8+ 52. Kd2
Bxa2 53. Rxf7+ Kc6 54. Nxa2 b3 55. Ra7 Kb5 56. Rxa3 bxa2 57. Kd3 1-0

[Event "Championnat de France - Open A"]
[Site "Chartres"]
[Date "2005.??.??"]
[Round "4.7"]
[White "Platel, Alexandre"]
[Black "Fahys, Jonathan"]
[Result "1-0"]
[WhiteElo "2164"]
[BlackElo "2020"]
[PlyCount "99"]
[EventDate "2005.??.??"]

1. e4 c5 2. Nf3 d6 3. Bb5+ Bd7 4. Bxd7+ Qxd7 5. O-O Nc6 6. c3 Nf6 7. Re1 e6 8.
d4 d5 9. e5 Ne4 10. Be3 Be7 11. Nbd2 Nxd2 12. Nxd2 b6 13. Qg4 g6 14. a3 c4 15.
Bh6 Na5 16. Re3 Rc8 17. Qf4 Rg8 18. Rh3 Rc7 19. Nf3 Qb5 20. Rb1 Qb3 21. Ng5
Bxg5 22. Bxg5 h5 23. Qf6 Rd7 24. g4 Qc2 25. Re1 Qxb2 26. gxh5 gxh5 27. Rxh5
Qxa3 28. Re3 Nc6 29. Reh3 Qc1+ 30. Kg2 Qe1 31. Rf3 Qc1 32. Rg3 Qc2 33. Rh4 Ne7
34. Rh8 Qe4+ 35. f3 Qc2+ 36. Kh3 Qf5+ 37. Rg4 Qxf6 38. Rxg8+ Nxg8 39. exf6 Rb7
40. Rg1 Kd7 41. Kg4 Rb8 42. Kf4 a5 43. Ra1 Kc6 44. h4 Kb5 45. h5 Ka6 46. Ke5 b5
47. h6 Nxh6 48. Bxh6 Rh8 49. Bc1 Rh2 50. Ba3 1-0

[Event "Championnat de France - Open A"]
[Site "Chartres"]
[Date "2005.??.??"]
[Round "4.8"]
[White "Rigolot, Matthieu"]
[Black "Bianchi, Guillaume"]
[Result "1/2-1/2"]
[WhiteElo "2121"]
[BlackElo "2155"]
[PlyCount "102"]
[EventDate "2005.??.??"]

1. d4 d5 2. c4 c6 3. Nf3 Nf6 4. e3 e6 5. Nbd2 c5 6. b3 Nc6 7. Bb2 cxd4 8. Nxd4
Bd6 9. cxd5 exd5 10. Rc1 Bd7 11. Bd3 O-O 12. O-O Ne5 13. Be2 Re8 14. N2f3 a6
15. Nxe5 Bxe5 16. Rc2 Rc8 17. Nf3 Rxc2 18. Qxc2 Bf5 19. Qc1 Bb8 20. Qa1 Qd6 21.
Bxf6 gxf6 22. Rd1 Be4 23. g3 Ba7 24. Nd4 Qe5 25. Bf1 h5 26. h4 Kh7 27. Bg2 f5
28. Ne2 Qe7 29. Nf4 Bxg2 30. Kxg2 Qe4+ 31. Kg1 Qf3 32. Nxd5 Bxe3 33. Nxe3 Rxe3
34. Rd7 Kg6 35. Qc1 f4 36. Rd6+ Re6 37. Qc2+ Kg7 38. Rxe6 fxe6 39. Qc7+ Kg6 40.
Qe5 Qd1+ 41. Kh2 fxg3+ 42. Qxg3+ Kf5 43. Qg5+ Ke4 44. Qe3+ Kf5 45. f3 Qd6+ 46.
Kg2 Qf4 47. Qc5+ Kg6 48. Qe7 Qd2+ 49. Kg3 Qe1+ 50. Kg2 Qe2+ 51. Kg3 Qe1+
1/2-1/2

[Event "Championnat de France - Open A"]
[Site "Chartres"]
[Date "2005.??.??"]
[Round "4.10"]
[White "Bolon, Karelle"]
[Black "Lafaurie, Pierre"]
[Result "1/2-1/2"]
[WhiteElo "2064"]
[BlackElo "2144"]
[PlyCount "40"]
[EventDate "2005.??.??"]

1. e4 c5 2. Nc3 Nc6 3. Bb5 Nd4 4. Nf3 Nxb5 5. Nxb5 g6 6. O-O Bg7 7. c4 a6 8.
Nc3 e5 9. d3 Ne7 10. Rb1 d6 11. b4 b6 12. Qb3 Bg4 13. Ne1 O-O 14. Nc2 Rb8 15.
Ne3 Be6 16. Ned5 Nc6 17. Qa4 Nd4 18. bxc5 dxc5 19. Qxa6 Qh4 20. f3 Ra8 1/2-1/2

[Event "Championnat de France - Open A"]
[Site "Chartres"]
[Date "2005.??.??"]
[Round "4.16"]
[White "Soyez, Cyril"]
[Black "Faucher, Stephane"]
[Result "0-1"]
[WhiteElo "2184"]
[BlackElo "2082"]
[PlyCount "34"]
[EventDate "2005.??.??"]

1. c4 e5 2. g3 Nc6 3. Bg2 g6 4. Nc3 Bg7 5. Rb1 d6 6. b4 a6 7. a4 Nf6 8. b5 axb5
9. axb5 Ne7 10. e3 O-O 11. Qb3 c6 12. Ba3 Be6 13. Nge2 Bxc4 14. Qxc4 Rxa3 15.
bxc6 bxc6 16. Bxc6 Qc8 17. Rb6 Nd7 0-1

[Event "Championnat de France - Open B"]
[Site "Chartres"]
[Date "2005.??.??"]
[Round "4.1"]
[White "Delaire, Eric"]
[Black "Medghoul, Abdel"]
[Result "1/2-1/2"]
[WhiteElo "1925"]
[BlackElo "1994"]
[PlyCount "91"]
[EventDate "2005.??.??"]

1. e4 d6 2. d4 Nf6 3. Nc3 Nbd7 4. f4 e5 5. Nf3 exd4 6. Qxd4 c6 7. Be3 d5 8. e5
Ng4 9. Bg1 Bc5 10. Qd2 Bxg1 11. Rxg1 Qb6 12. Na4 Qe3+ 13. Qxe3 Nxe3 14. Kd2
Nxf1+ 15. Rgxf1 Nb6 16. Nxb6 axb6 {=} 17. a3 c5 18. g4 Ra4 19. f5 g6 20. Ng5 h6
21. Nh3 gxf5 22. gxf5 Re4 23. Nf4 Rxe5 24. Rae1 Rxe1 25. Rxe1+ Kf8 26. f6 Rg8
27. Nxd5 Rg2+ 28. Kc3 Be6 29. Nc7 Rxh2 30. Nxe6+ fxe6 31. Rxe6 b5 32. b4 Rh3+
33. Kb2 cxb4 34. axb4 Rh5 35. Re7 b6 36. Rb7 Rf5 37. Rxb6 Kf7 38. Rd6 h5 39.
Rd3 Kxf6 40. Kb3 h4 41. c4 bxc4+ 42. Kxc4 Kg5 43. b5 Kg4 44. b6 h3 45. b7 Rf8
46. Kc5 1/2-1/2

[Event "Championnat de France - Open B"]
[Site "Chartres"]
[Date "2005.??.??"]
[Round "4.2"]
[White "Mestdagh, Franck"]
[Black "Deleva, Mathias"]
[Result "1/2-1/2"]
[WhiteElo "1924"]
[BlackElo "1990"]
[PlyCount "117"]
[EventDate "2005.??.??"]

1. e4 e6 2. d4 d5 3. e5 c5 4. c3 Nc6 5. Nf3 Nge7 6. Bd3 Nf5 7. a3 Qb6 8. b4
cxd4 9. Bxf5 exf5 10. cxd4 h6 11. Nc3 Be6 12. Bb2 g5 13. Na4 Qb5 14. Nc3 Qb6
15. Na4 Qd8 16. Nc5 g4 17. Ng1 Bxc5 18. dxc5 f4 19. h4 d4 20. f3 Qd5 21. b5
Nxe5 22. Qxd4 f6 23. O-O-O Rd8 24. Qxd5 Rxd5 25. Rxd5 Bxd5 26. fxg4 Nxg4 27.
Nf3 Kf7 28. Rd1 Ne3 29. Rd4 Rc8 30. Rxf4 Rxc5+ 31. Kb1 Rxb5 32. Rxf6+ Ke7 33.
Rxh6 Nc4 34. Rh7+ Kf8 35. Kc1 Rxb2 36. Ne5 Be4 37. Nd7+ Ke8 38. Nf6+ Kf8 39.
Nxe4 Rxg2 40. Rxb7 Rg4 41. Nf6 Rxh4 42. Rxa7 Rh6 43. Nd5 Rc6 44. Kb1 Rc5 45.
Nf4 Ra5 {=} 46. Rxa5 Nxa5 47. Ka2 Ke8 48. a4 Kd7 49. Ka3 Kc6 50. Kb4 Nb7 51.
Ne6 Kb6 52. Nd4 Ka6 53. Nb3 Kb6 54. Nd2 Na5 55. Ne4 Nc6+ 56. Ka3 Ka5 57. Nd6
Kb6 58. Nc4+ Kc5 59. a5 1/2-1/2

[Event "Championnat de France - Open B"]
[Site "Chartres"]
[Date "2005.??.??"]
[Round "4.4"]
[White "Petitjean, Pierre"]
[Black "Gonzalez, Paul"]
[Result "1-0"]
[WhiteElo "1985"]
[BlackElo "1890"]
[PlyCount "107"]
[EventDate "2005.??.??"]

1. g3 g6 2. Bg2 Bg7 3. Nf3 c5 4. O-O Nc6 5. e4 d6 6. Nc3 Bg4 7. h3 Bxf3 8. Qxf3
e6 9. Ne2 Rc8 10. Qb3 Qd7 11. c3 Nge7 12. d3 O-O 13. Be3 Ne5 14. Nf4 c4 15.
dxc4 Nxc4 16. Bc1 Rfd8 17. h4 Qc7 18. Rd1 Qb6 19. Bh3 Qc6 20. h5 b6 21. hxg6
Nxg6 22. Nxg6 hxg6 23. Bg5 Rd7 24. Qc2 Qb5 25. Bc1 Qh5 26. Bf1 Ne5 27. Be2 Ng4
28. Bxg4 Qxg4 29. Bf4 e5 30. Be3 Kh7 31. Kg2 Kg8 32. Rh1 Qe6 33. Rh4 d5 34.
Rah1 d4 35. Bh6 Bxh6 36. Rxh6 Qf6 37. Qa4 Rcd8 38. cxd4 Rxd4 39. Qxa7 Rd3 40.
Rh8+ Qxh8 41. Rxh8+ Kxh8 42. Qxf7 R3d6 43. Qe7 Kg8 44. Qxe5 Kf7 45. Qc3 Re6 46.
e5 g5 47. Qc7+ Ke8 48. f4 gxf4 49. gxf4 Rd2+ 50. Kf3 Rxb2 51. f5 Re7 52. Qc8+
Kf7 53. e6+ Rxe6 54. Qxe6+ 1-0

[Event "Championnat de France - Open B"]
[Site "Chartres"]
[Date "2005.??.??"]
[Round "4.5"]
[White "Chin, David"]
[Black "Zermiche, Cherif"]
[Result "1-0"]
[WhiteElo "1876"]
[BlackElo "1971"]
[PlyCount "114"]
[EventDate "2005.??.??"]

1. e4 c5 2. Nf3 a6 3. d4 cxd4 4. Nxd4 Nf6 5. Nc3 e5 6. Nf5 d5 7. Ng3 d4 8. Nb1
h5 9. Bd3 h4 10. Ne2 h3 11. g3 Nc6 12. c3 Bg4 13. f4 Bf3 14. O-O Bxe4 15. fxe5
Nxe5 16. Bxe4 Nxe4 17. cxd4 Bc5 18. Nbc3 Nxc3 19. bxc3 Ba7 20. Qb3 O-O 21. Rf5
Qe7 22. Ba3 Nf3+ 23. Kf2 Nxd4 24. cxd4 Qe4 25. Qd5 Qc2 26. Bxf8 Rxf8 27. Rf4
Qg6 28. Rc1 Bb6 29. Qf5 Qd6 30. Rh4 g6 31. Qxh3 Qf6+ 32. Rf4 Qg5 33. Qg4 Qd5
34. Qf3 Qxa2 35. Rh4 Re8 36. Re4 Rd8 37. Kf1 Qd2 38. Qf6 Qa5 39. Rh4 Qf5+ 40.
Qxf5 gxf5 41. Rb1 Rd6 42. Rf4 a5 43. Rxf5 a4 44. Rfb5 a3 45. Ra1 Bxd4 46. Nxd4
Rxd4 47. Rxa3 Rd2 48. Kg1 Kg7 49. Rxb7 Kg6 50. Rf3 f5 51. Rb5 Kg5 52. Rbxf5+
Kg6 53. Rf2 Rd3 54. Kg2 Re3 55. h4 Rd3 56. Rg5+ Kh7 57. Rf4 Kh8 1-0

[Event "Championnat de France - Open B"]
[Site "Chartres"]
[Date "2005.08.19"]
[Round "4.6"]
[White "Daubert, Cedric"]
[Black "Bleuzen, Cedric"]
[Result "0-1"]
[WhiteElo "1870"]
[BlackElo "1935"]
[PlyCount "54"]
[EventDate "2005.??.??"]

1. e4 e6 2. d4 d5 3. exd5 exd5 4. Nf3 Bd6 5. Be3 Bg4 6. Be2 Ne7 7. c3 O-O 8.
Qc2 Bf5 9. Qb3 Nbc6 10. Nbd2 Qd7 11. h3 Na5 12. Qd1 f6 13. Nh4 Be6 14. Qc2 Nf5
15. Ndf3 Nxe3 16. fxe3 g5 17. g3 Bxg3+ 18. Kd2 gxh4 19. Bd3 Nc4+ 20. Ke2 Nd6
21. Rag1 Kh8 22. b3 Bf5 23. c4 c6 24. Rf1 Rae8 25. Ne1 Bxh3 26. Rxh3 Qxh3 27.
cxd5 Qh2+ 0-1

[Event "Championnat de France - Open B"]
[Site "Chartres"]
[Date "2005.08.19"]
[Round "4.7"]
[White "Wojtkowski, Frederic"]
[Black "Dureau, Laurent"]
[Result "1/2-1/2"]
[WhiteElo "1859"]
[BlackElo "1929"]
[PlyCount "63"]
[EventDate "2005.??.??"]

1. e4 c5 2. Nf3 d6 3. d4 cxd4 4. Nxd4 Nf6 5. Nc3 g6 6. Be2 Bg7 7. Be3 O-O 8. f3
Nc6 9. Qd2 Bd7 10. O-O-O Rc8 11. h4 Ne5 12. Bh6 Bxh6 13. Qxh6 Rxc3 14. bxc3 Qa5
15. Kb2 Rc8 16. Qe3 b5 17. Ra1 Be8 18. Rhb1 h5 19. Nb3 Qc7 20. Kc1 d5 21. Nd4
dxe4 22. Nxb5 Bxb5 23. Rxb5 a6 24. Rb3 Nd5 25. Qd2 exf3 26. gxf3 Rd8 27. Qe1
Qa7 28. Kb2 Ne3 29. Rb4 Nc6 30. Rb3 Na5 31. Rb4 Nc6 32. Rb3 1/2-1/2

[Event "Championnat de France - Open B"]
[Site "Chartres"]
[Date "2005.08.19"]
[Round "4.8"]
[White "Labarrere, Daniel"]
[Black "Marbot, Raymond"]
[Result "1-0"]
[WhiteElo "1933"]
[BlackElo "1810"]
[PlyCount "65"]
[EventDate "2005.??.??"]

1. d4 Nf6 2. c4 e6 3. Nf3 b6 4. a3 Bb7 5. Nc3 Be7 6. Qc2 d5 7. cxd5 Nxd5 8. e4
Nxc3 9. bxc3 O-O 10. Bd3 Ba6 11. O-O Bxd3 12. Qxd3 Nd7 13. e5 c5 14. Qe4 Re8
15. Qg4 cxd4 16. cxd4 Nf8 17. Rd1 Rc8 18. Bg5 Ng6 19. Re1 Rc4 20. h4 Qd5 21. h5
Bxg5 22. hxg6 Be7 23. gxf7+ Kxf7 24. Qh5+ Kf8 25. Qxh7 Rec8 26. Kh2 Rc2 27. Re4
Ke8 28. Rg4 Rxf2 29. Rxg7 Rc7 30. Qh8+ Kd7 31. Qh4 Qxf3 32. Qxe7+ Kc6 33. Qxc7+
1-0

[Event "Championnat de France - Open B"]
[Site "Chartres"]
[Date "2005.08.19"]
[Round "4.9"]
[White "Blot, David"]
[Black "Castel, Efflam"]
[Result "1/2-1/2"]
[WhiteElo "1992"]
[BlackElo "1890"]
[PlyCount "74"]
[EventDate "2005.??.??"]

1. e4 e6 2. d4 d5 3. Nc3 Nf6 4. e5 Nfd7 5. Nce2 c5 6. c3 Nc6 7. f4 Qb6 8. Nf3
cxd4 9. Nexd4 a6 10. g3 Be7 11. Bh3 O-O 12. O-O Nc5 13. Qc2 Ne4 14. Be3 Qc7 15.
Kh1 Bd7 16. Rg1 Rac8 17. Nxc6 bxc6 18. g4 c5 19. Nd2 Nxd2 20. Qxd2 Bc6 21. Bg2
Rfd8 22. Qf2 Bb5 23. Rae1 Bd3 24. Bd2 Rb8 25. b3 c4 26. b4 Qd7 27. Bf1 Be4+ 28.
Bg2 Bd3 29. Bf1 Bxf1 30. Rgxf1 Qa4 31. f5 exf5 32. Qxf5 Qxa2 33. Qxf7+ Kh8 34.
Qxe7 Qxd2 35. Rd1 Qxc3 36. Rxd5 Re8 37. Qd6 Qxb4 1/2-1/2

[Event "Championnat de France - Open B"]
[Site "Chartres"]
[Date "2005.08.19"]
[Round "4.10"]
[White "Ferrand, Christophe"]
[Black "Tardif, Olivier"]
[Result "1/2-1/2"]
[WhiteElo "1890"]
[BlackElo "1985"]
[PlyCount "44"]
[EventDate "2005.??.??"]

1. e4 c5 2. b3 e6 3. Bb2 d5 4. exd5 exd5 5. Bb5+ Nc6 6. Nf3 Nf6 7. O-O Be7 8.
d4 O-O 9. c4 Nxd4 10. Nxd4 cxd4 11. cxd5 Nxd5 12. Bxd4 Bf6 13. Bc4 Nb6 14. Bxf6
Qxf6 15. Na3 Nxc4 16. Nxc4 Be6 17. Rc1 Rfd8 18. Qe2 Bf5 19. Rfd1 Re8 20. Qf3
Qg6 21. Ne3 Be4 22. Qg3 Qxg3 1/2-1/2

[Event "Championnat de France - Open B"]
[Site "Chartres"]
[Date "2005.08.19"]
[Round "4.11"]
[White "Guerande, Pierre-Franck"]
[Black "Elice, Florent"]
[Result "1/2-1/2"]
[WhiteElo "1890"]
[BlackElo "1930"]
[PlyCount "46"]
[EventDate "2005.??.??"]

1. d4 Nf6 2. c4 e6 3. Nf3 b6 4. a3 Bb7 5. Nc3 Be7 6. Bg5 d6 7. Bxf6 Bxf6 8. e3
Be7 9. Bd3 Nd7 10. Qe2 O-O 11. O-O d5 12. e4 dxe4 13. Nxe4 h6 14. Rad1 Nf6 15.
Nxf6+ Bxf6 16. Ne5 Bxe5 17. dxe5 Qe7 18. Be4 Bxe4 19. Qxe4 Rfd8 20. Qc6 Rxd1
21. Qxa8+ Qd8 22. Qf3 Rxf1+ 23. Kxf1 a5 1/2-1/2

[Event "Championnat de France - Open B"]
[Site "Chartres"]
[Date "2005.08.19"]
[Round "4.12"]
[White "Roullois, Jerome"]
[Black "Le Clezio, Sylvain"]
[Result "0-1"]
[WhiteElo "1930"]
[BlackElo "1883"]
[PlyCount "68"]
[EventDate "2005.??.??"]

1. e4 d5 2. exd5 Qxd5 3. Nc3 Qa5 4. Bc4 Nf6 5. Nf3 Bf5 6. d4 e6 7. O-O c6 8.
Re1 Bb4 9. Re5 Qc7 10. Bg5 Nbd7 11. Rxf5 exf5 12. Bxf6 Nxf6 13. Qd3 O-O 14.
Qxf5 Qd7 15. Qxd7 Nxd7 16. Ne4 h6 17. g4 Rfe8 18. Ng3 g6 19. h4 Kg7 20. Kg2 Bd6
21. Bd3 Nf6 22. g5 Nd5 23. Ne4 Bc7 24. Rg1 h5 25. Kf1 Nf4 26. Ke1 Rad8 27. Kd2
Bb6 28. c3 c5 29. Ke3 cxd4+ 30. Nxd4 Ne6 31. Bb5 Nxd4 32. Bxe8 Nf5+ 33. Kf3
Nxh4+ 34. Kg3 Rxe8 0-1

[Event "Championnat de France - Open B"]
[Site "Chartres"]
[Date "2005.08.19"]
[Round "4.13"]
[White "Uzel, Laurent"]
[Black "Charpentier, Denis"]
[Result "0-1"]
[WhiteElo "1850"]
[BlackElo "1917"]
[PlyCount "76"]
[EventDate "2005.??.??"]

1. d4 e6 2. c4 f5 3. g3 Nf6 4. Bg2 d6 5. e3 Be7 6. Ne2 O-O 7. Nbc3 Qe8 8. O-O
e5 9. dxe5 dxe5 10. Nd5 Na6 11. a3 c6 12. Nxe7+ Qxe7 13. b4 Be6 14. Qc2 Qf7 15.
b5 Nc5 16. bxc6 bxc6 17. Bxc6 Rac8 18. Bg2 Nce4 19. f3 Nd6 20. c5 Nc4 21. Qa4
Rxc5 22. Rd1 Rfc8 23. Rb1 Nb6 24. Qb4 Bc4 25. Nc3 Ba6 26. Na4 Rc4 27. Qxb6 axb6
28. Nxb6 h5 29. Nxc4 Bxc4 30. Bd2 e4 31. fxe4 Nxe4 32. Bb4 h4 33. Bxe4 fxe4 34.
Bd6 Qf3 35. Bf4 h3 36. Rd2 Be2 37. Rxe2 Qxe2 38. Rb2 Qe1# 0-1

[Event "Championnat de France - Open B"]
[Site "Chartres"]
[Date "2005.08.19"]
[Round "4.17"]
[White "Burtin, Laurent"]
[Black "Schmittheisler, Guillaume"]
[Result "1-0"]
[WhiteElo "1890"]
[BlackElo "1730"]
[PlyCount "31"]
[EventDate "2005.??.??"]

1. e4 e6 2. d3 d5 3. Nd2 Nf6 4. g3 c5 5. Bg2 Nc6 6. Ne2 Be7 7. O-O O-O 8. exd5
Nxd5 9. Nb3 e5 10. Nc3 Nxc3 11. bxc3 Qc7 12. Re1 b6 13. d4 Rb8 14. dxe5 Bf5 15.
Qf3 Bd7 16. Bf4 1-0

[Event "Championnat de France - Open B"]
[Site "Chartres"]
[Date "2005.08.19"]
[Round "4.18"]
[White "Brigot, Guillaume"]
[Black "Bleuzen, Erwan"]
[Result "0-1"]
[WhiteElo "1760"]
[BlackElo "1994"]
[PlyCount "58"]
[EventDate "2005.??.??"]

1. e4 c5 2. Nf3 Nc6 3. d4 cxd4 4. Nxd4 e5 5. Nb5 d6 6. N1c3 a6 7. Na3 b5 8. Nd5
Nge7 9. Be3 Nxd5 10. exd5 Ne7 11. Be2 g6 12. O-O Bg7 13. Rb1 O-O 14. c4 b4 15.
Nc2 a5 16. b3 Nf5 17. Rc1 Nxe3 18. Nxe3 f5 19. c5 f4 20. Nc4 dxc5 21. Nb2 e4
22. Na4 f3 23. Bb5 fxg2 24. Kxg2 Qh4 25. d6 Bh3+ 26. Kh1 Bxf1 27. Qxf1 Rxf2 28.
Qc4+ Kh8 29. Rc2 Qxh2# 0-1

[Event "Championnat de France - Open B"]
[Site "Chartres"]
[Date "2005.08.19"]
[Round "4.19"]
[White "Pokee, Anne"]
[Black "Jacquot, David"]
[Result "1/2-1/2"]
[WhiteElo "1990"]
[BlackElo "1860"]
[PlyCount "93"]
[EventDate "2005.??.??"]

1. e4 e6 2. d4 d5 3. e5 c5 4. c3 Nc6 5. Nf3 Bd7 6. a3 f6 7. b4 fxe5 8. b5 Nxd4
9. Nxe5 Nf5 10. Bd3 Qc7 11. Qe2 Bd6 12. b6 axb6 13. Nxd7 Kxd7 14. Bb5+ Kd8 15.
Qxe6 Qe7 16. Bg5 Nf6 17. Bxf6 gxf6 18. Qxe7+ Nxe7 19. O-O Rg8 20. Rd1 Kc7 21.
Be2 c4 22. Bf3 Ra5 23. a4 Rga8 24. g3 Rxa4 25. Rxa4 Rxa4 26. Bxd5 Nxd5 27. Rxd5
Ra1 28. Rd1 b5 29. Kf1 b4 30. Ke2 Ra2+ 31. Kf3 Ra1 32. Ke4 b3 33. Kd5 b5 34. f4
Ra2 35. Ke6 Bc5 36. Kxf6 Rxh2 37. Ke6 b4 38. Kd5 bxc3 39. Nxc3 Bf2 40. Kxc4
Bxg3 41. f5 b2 42. f6 Rf2 43. Rh1 b1=Q 44. Rxb1 Be5 45. Nd5+ Kd7 46. Rb7+ Ke6
47. Rxh7 1/2-1/2

[Event "Championnat de France - Open B"]
[Site "Chartres"]
[Date "2005.08.19"]
[Round "4.20"]
[White "Levesque, Thomas"]
[Black "Riols, Jacques"]
[Result "1-0"]
[WhiteElo "1989"]
[BlackElo "1850"]
[PlyCount "75"]
[EventDate "2005.??.??"]

1. f4 d6 2. Nf3 Nd7 3. d4 c5 4. c3 Ngf6 5. e3 e6 6. Be2 Be7 7. O-O a6 8. b3 b6
9. Bb2 O-O 10. c4 Rb8 11. Nc3 Bb7 12. Bd3 Qc7 13. Qe2 Qd8 14. Rac1 Ne8 15. d5
Nc7 16. e4 exd5 17. exd5 Nf6 18. Ng5 g6 19. g4 Re8 20. Qg2 Bf8 21. h3 Bc8 22.
Nce4 Bg7 23. f5 Nxe4 24. Nxe4 Rxe4 25. Bxe4 Qg5 26. f6 Bh6 27. Rfe1 Bd7 28. Re2
Bf8 29. Qg3 Re8 30. Rce1 b5 31. Bf3 Rxe2 32. Rxe2 h5 33. h4 Qh6 34. g5 Qh7 35.
Bc1 Kh8 36. Bb2 Kg8 37. Bg2 bxc4 38. bxc4 1-0

[Event "Championnat de France - Open B"]
[Site "Chartres"]
[Date "2005.08.19"]
[Round "4.21"]
[White "Przymusinski, Nicolas"]
[Black "Engel, Gerard"]
[Result "1-0"]
[WhiteElo "1984"]
[BlackElo "1822"]
[PlyCount "39"]
[EventDate "2005.??.??"]

1. c4 Nf6 2. g3 g6 3. Bg2 Bg7 4. Nc3 Nc6 5. e4 e5 6. Nge2 O-O 7. O-O d6 8. d3
Ne8 9. Be3 f5 10. f4 Nf6 11. h3 fxe4 12. dxe4 Nh5 13. f5 b6 14. Qd5+ Kh8 15.
Qxc6 Bd7 16. Qd5 gxf5 17. exf5 Bxf5 18. Rxf5 Rxf5 19. Qxa8 Qxa8 20. Bxa8 1-0

[Event "Championnat de France - Open B"]
[Site "Chartres"]
[Date "2005.08.19"]
[Round "4.30"]
[White "Mace, Emmanuel"]
[Black "Binois, Rudy"]
[Result "1-0"]
[WhiteElo "1944"]
[BlackElo "1740"]
[PlyCount "45"]
[EventDate "2005.??.??"]

1. e4 Nf6 2. e5 Nd5 3. c4 Nb6 4. d4 d6 5. exd6 cxd6 6. Nc3 Nc6 7. Be3 Bf5 8.
Rc1 Rc8 9. b3 e6 10. Be2 Be7 11. h3 O-O 12. Nf3 d5 13. c5 Nd7 14. O-O b6 15.
Ba6 Rb8 16. Bf4 bxc5 17. Bxb8 Qxb8 18. Bb5 Qb7 19. Bxc6 Qxc6 20. Na4 Qb5 21.
dxc5 Nxc5 22. Nd4 Qa5 23. Nc6 1-0

[Event "Championnat de France - Open C"]
[Site "Chartres"]
[Date "2005.??.??"]
[Round "4.1"]
[White "Levier, Jean-Francois"]
[Black "Ababsa, Tufek"]
[Result "0-1"]
[WhiteElo "1630"]
[BlackElo "1700"]
[PlyCount "58"]
[EventDate "2005.??.??"]

1. d4 e6 2. Nf3 d5 3. c3 c5 4. Bg5 Qb6 5. Qc1 Nc6 6. e3 cxd4 7. exd4 Bd6 8. Bd3
h6 9. Be3 Qc7 10. b4 Nf6 11. Nbd2 Bd7 12. Nb3 e5 13. dxe5 Nxe5 14. Nxe5 Bxe5
15. Bd4 O-O 16. h3 Bf4 17. Qc2 Rfe8+ 18. Kd1 Ne4 19. Bxe4 dxe4 20. Nc5 Bc6 21.
Qb3 b6 22. Na6 Qd7 23. a4 e3 24. fxe3 Bxe3 25. Kc2 Bxd4 26. Rad1 Bxa4 27. Rxd4
Bxb3+ 28. Kxb3 Qe6+ 29. Ka3 Rad8 0-1